Propuestas de paz para Centroamérica
保存先:
| フォーマット: | テキスト |
|---|---|
| 主題: | |
| タグ: |
タグ追加
タグなし, このレコードへの初めてのタグを付けませんか!
|
MARC
| LEADER | 00000 a a2200000 04500 | ||
|---|---|---|---|
| 001 | 44412 | ||
| 003 | |||
| 040 | |||
| 245 | |a Propuestas de paz para Centroamérica | ||
| 650 | |a PAZ | ||
| 650 | |a CAMPESINADO | ||
| 650 | |a ECONOMIA | ||
| 650 | |a CENTROAMERICA | ||
| 773 | |g Volumen 6, número 18. (1982) páginas 275-277 | ||
| 999 | |c 31575 |d 31575 | ||
